Obsah olova, kadmia, medi a zinku v hydinárskych komoditách

Bibliographic Details
Main Authors: Rippel, Adolf (Author), Lukačka, Jozef (Author)
Format: Article
Language:Slovak
PhysicalDescription:Obr. 4. Tb. 1., lit. 12 zázn. v slov., ruš., nem.
Subjects:

MARC

LEADER 00000nab a2200000 a 4500
001 vtls000268638
003 SK-MaSNL
005 20260302213526.0
008 220422c1986 xo 0 slo
015 |a SNBRB19rr/mm-uuuuu 
035 |a CL0278752 
040 |a SNKBUCL  |b slo  |c SNKBUCL  |e AACR2 
041 0 |a slo 
044 |a xo  |c SK 
080 |a 613.28:546  |2 1981 
080 |a 546  |2 1981 
080 |a 637.54  |2 1981 
080 |a 637.52  |2 1981 
100 1 |a Rippel, Adolf  |4 aut  |9 936750 
245 1 0 |a Obsah olova, kadmia, medi a zinku v hydinárskych komoditách  |c A. Rippel, J. Lukačka 
300 |b Obr. 4. Tb. 1., lit. 12 zázn. v slov., ruš., nem. 
650 0 7 |a hydinové mäso  |2 snkbucl  |9 65949 
650 0 7 |a výrobky hydinové  |2 snkbucl  |9 928946 
650 0 7 |a ťažké kovy  |2 snkbucl  |9 29344 
650 0 7 |a kontaminanty  |2 snkbucl  |9 68101 
655 7 |a články z novín a časopisov  |2 snkbucl  |9 267496 
700 1 |a Lukačka, Jozef  |4 aut  |9 5594 
773 0 |t Hydinársky priemysel  |g Roč. 28 (1986), s. 102-108 
850 |a Slovenská národná knižnica v Martine  |a MTA001 
852 |a SNK  |b KIS3GCP 
958 |a NB 
958 |a RK 
958 |a ME 
992 |a RBX 
999 |c 1493975  |d 1495905